| 000 | 00530nam a22001697a 4500 | ||
|---|---|---|---|
| 999 |
_c8378 _d8378 |
||
| 008 | 201117b ||||| |||| 00| 0 eng d | ||
| 040 | _aBMS College of Architecture | ||
| 100 | _aAshwini, S | ||
| 245 | _aFood hub, eat what you grow, Grow what you eat | ||
| 300 | _aNA | ||
| 500 | _a1BM15AT084 | ||
| 502 |
_8B,Arch _NBMS College of Architecture, Visvesvaraya Technological University (VTU) _aProject report _d2019 |
||
| 650 | _aNA | ||
| 700 |
_aAparna Raveendran _eGuide |
||
| 700 |
_aManohar Walvekar _eGuide |
||
| 942 |
_2ddc _cTHE |
||